[Event "Mittelrhein Verbandsliga-M 15/16"]
[Site "Nordrheinwestfalen"]
[Date "2016.01.10"]
[Round "6.5"]
[White "Debald, Heinrich"]
[Black "Tiemann, Ralf"]
[Result "1-0"]
[WhiteElo "1944"]
[BlackElo "1748"]
[PlyCount "109"]
[EventDate "2015.09.06"]
[EventType "team-tourn"]
[EventRounds "11"]
[EventCountry "GER"]
[SourceTitle "EXT 2022"]
[Source "ChessBase"]
[SourceDate "2021.10.06"]
[SourceVersion "1"]
[SourceVersionDate "2021.10.06"]
[SourceQuality "1"]
[WhiteTeam "Leverkusen SC Bayer"]
[BlackTeam "Schlebusch SF"]
[WhiteTeamCountry "GER"]
[BlackTeamCountry "GER"]

1. Nf3 f5 2. c4 Nf6 3. g3 g6 4. Bg2 Bg7 5. 0-0 0-0 6. d4 d6 7. Nc3 c6 8. b3 Qc7 9. Bb2 e5 10. e3 e4 11. Nd2 Nbd7 12. Qc2 b6 13. Rae1 d5 14. Rc1 Bb7 15. cxd5 cxd5 16. Nxd5 Qxc2 17. Nxf6+ Nxf6 18. Rxc2 Nd5 19. Ba3 Rfc8 20. Rfc1 Rxc2 21. Rxc2 Rc8 22. Rxc8+ Bxc8 23. Bf1 Nc3 24. Bc4+ Kh8 25. Bd6 Nxa2 26. Nb1 a6 27. b4 Nc1 28. b5 axb5 29. Bxb5 Nd3 30. Nc3 Be6 31. Na4 Kg8 32. Nxb6 Bf8 33. Nc4 Bxd6 34. Nxd6 Nb4 35. Kf1 Kf8 36. Ke2 Ke7 37. Nc4 Nd5 38. Kd2 Nc7 39. Na3 Nxb5 40. Nxb5 Kd7 41. Kc3 Kc6 42. Kb4 Bf7 43. Na3 Be6 44. Nc4 Bd5 45. Ne5+ Kd6 46. Kb5 Be6 47. h4 Bd5 48. Nc4+ Kc7 49. Kc5 Bxc4 50. Kxc4 Kc6 51. d5+ Kd6 52. Kd4 h6 53. Kc4 g5 54. h5 f4 55. gxf4 1-0